[Event "DSV-Turnier"]
[Site "Halle"]
[Date "1981.??.??"]
[Round "9"]
[White "Alexandria, Nana"]
[Black "Tischbierek, Raj"]
[Result "0-1"]
[WhiteElo "2295"]
[BlackElo "2380"]

1.d4 e6 2.c4 Nf6 3.Nf3 b6 4.a3 c5 5.d5 Ba6 6.b3 exd5 7.cxd5 g6 8.Bb2 Bg7
9.e4 Bxf1 10.Kxf1 d6 11.Nbd2 O-O 12.Qc2 Re8 13.Re1 Nbd7 14.h3 b5 15.g3 Rc8
16.Kg2 c4 17.bxc4 bxc4 18.Bc3 Qc7 19.Qb2 Nh5 20.Re3 Bh6 21.Ree1 Nc5 22.Qc2 Nd3
23.Re2 f5 24.Nd4 Bxd2 25.Qxd2 fxe4 26.Rb1 Qf7 27.Rb5 Rc5 28.Rxc5 dxc5 29.Ne6 Qf3+
30.Kg1 Rb8 31.Qc2 Qf5 32.h4 h6 33.Nc7 g5 34.hxg5 hxg5 35.Ba1 Kh7 36.Kh2 Qf3
37.Re3 Qf7 38.Rxe4 Rb1 39.Rxc4 Qf3 40.Qxd3+ Qxd3  0-1

[Event "Helsinki"]
[Site "Helsinki"]
[Date "1981.??.??"]
[Round "1"]
[White "Farago, Ivan"]
[Black "Karlsson, Lars"]
[Result "1-0"]
[WhiteElo "2535"]
[BlackElo "2465"]

1.d4 Nf6 2.c4 e6 3.Nf3 b6 4.a3 c5 5.e3 Be7 6.d5 exd5 7.cxd5 d6 8.Nc3 O-O
9.e4 Re8 10.Be2 Bf8 11.Nd2 Ba6 12.Bxa6 Nxa6 13.O-O Nc7 14.Re1 b5 15.b4 a5
16.Bb2 axb4 17.axb4 cxb4 18.Na2 Ra4 19.Nc1 Rxa1 20.Bxa1 Na6 21.Ncb3 Nc5 22.Qb1 Ng4
23.Nf3 Ne5 24.Nbd4 Ned3 25.Re3 Qa5 26.Rxd3 Nxd3 27.Nb3 Qc7 28.Qxd3 Qc4 29.Qb1 Qxe4
30.Qxe4 Rxe4 31.Kf1 g6 32.Nfd2 Re8 33.Na5 Ra8 34.Ndb3 Be7 35.Bd4 Bd8 36.Nc6 Ra3
37.Nd2 Bc7 38.Ke2 Kf8 39.Kd1 Ke8 40.Kc2 Kd7 41.Bb2 Ra4 42.Kb3 f5 43.Bd4 Ra8
44.Kxb4 Rf8 45.Nf3 Bd8 46.Kxb5 Bf6 47.Bxf6 Rxf6 48.Ng5 Rf8 49.Nxh7 Rh8 50.Nf6+ Kc7
51.h3 Rf8 52.Nh7 Re8 53.Nb4 Re2 54.Nd3 Rc2 55.Kb4 Kd7 56.Nf8+ Ke7 57.Nxg6+ Kf6
58.Ngf4 Rc8 59.h4 Rc2 60.f3 Rc8 61.g4 fxg4 62.fxg4 Rg8 63.Nh5+ Kf7 64.g5 Rb8+
65.Kc4 Rb1 66.Nhf4  1-0

[Event "Jacksonville playoff"]
[Site "Jacksonville"]
[Date "1981.??.??"]
[Round "1"]
[White "Kavalek, Lubomir"]
[Black "Reshevsky, Samuel Herman"]
[Result "1/2-1/2"]
[WhiteElo "2595"]
[BlackElo "2470"]

1.d4 Nf6 2.c4 e6 3.Nf3 b6 4.a3 Ba6 5.Qc2 c5 6.d5 exd5 7.cxd5 g6 8.Nc3 Bg7
9.g3 O-O 10.Bg2 d6 11.O-O Nbd7 12.h3 Bb7 13.Nd2 Re8 14.Nc4 Ne5 15.Nxe5 Rxe5  1/2-1/2

[Event "NOR-ch"]
[Site "Kirkenes"]
[Date "1981.??.??"]
[Round "?"]
[White "Agdestein, Simen"]
[Black "Myreng, Svein G"]
[Result "1-0"]
[WhiteElo "2200"]
[BlackElo "2205"]

1.d4 Nf6 2.Nf3 e6 3.c4 b6 4.a3 Bb7 5.Nc3 d5 6.cxd5 exd5 7.Bf4 Be7 8.e3 O-O
9.Bd3 c5 10.O-O Nbd7 11.Rc1 Ne4 12.Qc2 Ndf6 13.dxc5 Nxc5 14.Bf5 g6 15.Bh3 Bc8
16.Bxc8 Rxc8 17.Nd4 Nce4 18.Qd3 Qd7 19.Nxe4 dxe4 20.Qa6 Rfd8 21.h3 Nd5 22.Be5 Bg5
23.Rxc8 Rxc8 24.Nb5 Ne7 25.Nc3 f5 26.Rd1 Qe6 27.Bg3 Ra8 28.Rd6 Qc8 29.Qa4 Qc5
30.Qb3+ Kg7 31.Qe6 Rf8 32.Rd7 Kh6 33.Bd6 Qc6 34.Rxe7 Bxe7 35.Bf4+  1-0

[Event "NLD-ch"]
[Site "Leeuwarden"]
[Date "1981.??.??"]
[Round "1"]
[White "Van der Sterren, Paul"]
[Black "Van der Wiel, John TH"]
[Result "1/2-1/2"]
[WhiteElo "2440"]
[BlackElo "2465"]

1.d4 Nf6 2.c4 e6 3.Nf3 b6 4.a3 c5 5.e3 g6 6.Nc3 Bg7 7.Bd3 O-O 8.O-O Bb7 9.b4 Bxf3
10.Qxf3 Nc6 11.dxc5 bxc5 12.b5 Ne5 13.Qe2 Nfg4 14.Be4 Nxh2 15.Rd1 Qh4 16.g3 Qh3
17.Bg2 Nef3+ 18.Bxf3 Nxf3+ 19.Qxf3 Bxc3 20.Ra2 Rad8 21.Bd2 Bxd2 22.Raxd2 d5
23.cxd5 exd5 24.Rxd5 Qc8 25.Kg2 c4 26.Rc1 Qc7 27.Rxd8 Rxd8 28.Qc6 Qa5 29.Qc5 a6
30.a4 axb5 31.axb5 Rb8 32.Rxc4  1/2-1/2

[Event "NLD-ch"]
[Site "Leeuwarden"]
[Date "1981.??.??"]
[Round "4"]
[White "Van der Sterren, Paul"]
[Black "Stehouwer, Coen"]
[Result "0-1"]
[WhiteElo "2440"]
[BlackElo "2200"]

1.d4 Nf6 2.c4 e6 3.Nf3 b6 4.a3 c5 5.d5 Ba6 6.Qc2 exd5 7.cxd5 g6 8.Nc3 Bg7
9.g3 O-O 10.Bg2 d6 11.O-O b5 12.Re1 Nbd7 13.h3 Re8 14.e4 Rc8 15.Bf4 Qb6 16.Bf1 c4
17.Rad1 Nc5 18.Nd4 Nfd7 19.Nc6 Ne5 20.Re3 Bb7 21.Nd4 a6 22.b4 cxb3 23.Nxb3 Nxb3
24.Qxb3 Nc4 25.Rf3 Ne5 26.Re3 Nc4 27.Rf3 Ne5 28.Re3 Rc7 29.Nb1 Nc4 30.Bxc4 Rxc4
31.Nd2 Ra4 32.Rde1 Bd4 33.R3e2 Rc8 34.Be3 Qa5 35.Bxd4 Rxd4 36.Nf3 Rc3 37.Qb2 Rdd3
38.Nd2 Qxa3 39.Qb1 Qc5 40.Kg2 b4  0-1

[Event "NLD-ch"]
[Site "Leeuwarden"]
[Date "1981.??.??"]
[Round "8"]
[White "Van der Sterren, Paul"]
[Black "Grooten, Herman"]
[Result "1-0"]
[WhiteElo "2440"]
[BlackElo "2200"]

1.d4 Nf6 2.c4 e6 3.Nf3 b6 4.a3 c5 5.d5 Ba6 6.Qc2 Qe7 7.Bg5 exd5 8.Bxf6 Qxf6
9.cxd5 g6 10.Nc3 Bg7 11.e4 Bxf1 12.e5 Qd8 13.Rxf1 O-O 14.O-O-O b5 15.Nxb5 Qb6
16.Nc3 Na6 17.Kb1 Rab8 18.Rfe1 Qa5 19.Re4 Rfc8 20.Ra4 Qb6 21.d6 Kh8 22.Qe2 c4
23.Rd4 f6 24.Rdxc4 Rxc4 25.Rxc4 fxe5 26.Nxe5 Qa5 27.Nxg6+  1-0

[Event "Linares"]
[Site "Linares"]
[Date "1981.??.??"]
[Round "?"]
[White "Portisch, Lajos"]
[Black "Gligoric, Svetozar"]
[Result "1/2-1/2"]
[WhiteElo "2650"]
[BlackElo "2530"]

1.d4 Nf6 2.c4 e6 3.Nf3 b6 4.a3 Bb7 5.Nc3 d5 6.cxd5 exd5 7.Bf4 Bd6 8.Bg3 O-O
9.e3 c5 10.Be2 Bxg3 11.hxg3 Nbd7 12.Qc2 Re8 13.Rd1 cxd4 14.Rxd4 Nf8 15.O-O Qe7
16.Rfd1 Rac8 17.Qa4 a6 18.Qb4 Qc7 19.Rc1 Ne6 20.Rdd1 Nc5 21.Na4 Nfd7 22.Nd4 a5
23.Qe1 Qd6 24.Bb5 Red8 25.Nxc5 Nxc5 26.b4 axb4 27.Qxb4 g6 28.Be2 Qf6 29.a4 Ra8
30.Ra1 Ba6 31.Bf3 Nd3 32.Qd2 Ne5 33.Be2 Bc4 34.Rdb1 Ra6 35.Nb5 Nc6 36.Ra3 Qe7
37.Rba1 Raa8 38.Qb2 Bxe2 39.Qxe2 d4 40.Rc1 Rac8 41.Rd3 dxe3 42.Rxd8+ Qxd8
43.Qxe3 Ne7 44.Rxc8 Nxc8 45.Nc3 h5 46.Qe5 Ne7 47.Qf6 Qc7 48.Nb5 Nd5 49.Qd4  1/2-1/2

[Event "Ljubljana"]
[Site "Ljubljana"]
[Date "1981.??.??"]
[Round "10"]
[White "Polajzer, Danilo"]
[Black "Mencinger, Vojko"]
[Result "0-1"]
[WhiteElo "2315"]
[BlackElo "2275"]

1.d4 Nf6 2.c4 e6 3.Nf3 b6 4.a3 Bb7 5.Nc3 d5 6.cxd5 Nxd5 7.e3 Be7 8.Bb5+ c6
9.Bd3 c5 10.Nxd5 Bxd5 11.dxc5 Bxc5 12.Qc2 Nd7 13.Bd2 h6 14.b4 Be7 15.Rc1 O-O
16.e4 Bb7 17.Qc7 Nc5 18.Qxd8 Rfxd8 19.Bb1 Nxe4 20.Rc7 Nxd2 21.Nxd2 Bxg2 22.Rg1 Bg5
23.Rxg2 Bxd2+ 24.Ke2 Bf4 25.Rb7 Rac8 26.Rg4 g5 27.Rg1 Rc3  0-1

[Event "Lone Pine op"]
[Site "Lone Pine"]
[Date "1981.??.??"]
[Round "?"]
[White "Kuligowski, Adam"]
[Black "Wells, Ian Duncan"]
[Result "0-1"]
[WhiteElo "2450"]
[BlackElo "2325"]

1.d4 Nf6 2.c4 e6 3.Nf3 b6 4.a3 Bb7 5.Nc3 d5 6.Bg5 Be7 7.Bxf6 Bxf6 8.cxd5 exd5
9.g3 O-O 10.Bg2 Re8 11.O-O Qd6 12.Rc1 a6 13.b4 Nd7 14.Qb3 Rac8 15.Rfd1 g6
16.e3 Bg7 17.a4 Bf8 18.b5 Qa3 19.Qb1 c6 20.bxa6 Bxa6 21.Rd2 Bc4 22.Bf1 Bxf1
23.Kxf1 Ra8 24.Rdc2 Qd6 25.Qb3 Reb8 26.e4 dxe4 27.Nxe4 Qd5 28.Qxd5 cxd5 29.Nc3 Ra5
30.Rb1 Rc8 31.Ke2 Rxa4 32.Nxa4 Rxc2+ 33.Ke1 Rc4 34.Nb2 Rb4 35.Kd2 Rb3 36.Ne1 Bg7
37.Nc2 Nf6 38.Kc1 Rf3 39.Nd1 Bh6+ 40.Kb2 Ng4 41.Ne1 Rf6 42.Nd3 Nxh2 43.Nc3 Rf3
44.Kc2 Ng4 45.Rxb6 Nxf2 46.Ne5 Rxg3 47.Rb8+ Kg7 48.Rb7 Ng4 49.Nxf7 Ne3+ 50.Kb1 Rg1+
51.Ka2 Bf4 52.Ng5+ Kh6 53.Nxh7 Rg2+ 54.Kb1 Rg1+ 55.Ka2 Rc1 56.Kb3 Nd1 57.Nxd1 Rxd1
58.Rd7 Rd3+ 59.Kc2 Rxd4 60.Nf8 Kh5 61.Rh7+ Bh6 62.Ne6 Re4 63.Nc7 Re5 64.Rd7 d4
65.Rh7 g5 66.Kd3 g4 67.Kxd4 g3 68.Kxe5 g2 69.Ne8 g1=Q  0-1

[Event "Lone Pine op"]
[Site "Lone Pine"]
[Date "1981.??.??"]
[Round "?"]
[White "Lein, Anatoly"]
[Black "Burger, Karl"]
[Result "1/2-1/2"]
[WhiteElo "2485"]
[BlackElo "2405"]

1.d4 Nf6 2.Nf3 e6 3.c4 b6 4.a3 Ba6 5.b3 d5 6.cxd5 exd5 7.g3 Bd6 8.Bg2 Nbd7
9.Nc3 c6 10.Nh4 g6 11.O-O O-O 12.Re1 Re8 13.e4 dxe4 14.Nxe4 Nxe4 15.Bxe4 Bb7
16.Ra2 Be7 17.Ng2 Nf6 18.Bf3 Nd5 19.Qd3 Bf6 20.Rxe8+  1/2-1/2

[Event "Lone Pine op"]
[Site "Lone Pine"]
[Date "1981.??.??"]
[Round "?"]
[White "Bradford, Joseph M"]
[Black "Kuligowski, Adam"]
[Result "1/2-1/2"]
[WhiteElo "2385"]
[BlackElo "2450"]

1.Nf3 Nf6 2.c4 b6 3.d4 e6 4.a3 Bb7 5.Nc3 d5 6.cxd5 Nxd5 7.e3 Be7 8.Bb5+ c6
9.Bd3 Nxc3 10.bxc3 c5 11.O-O O-O 12.Qe2 Nc6 13.Rd1 cxd4 14.cxd4 Rc8 15.Bb2 Rc7
16.e4 Na5 17.Nd2 Bg5 18.Nf3 Bf6 19.a4 Nb3 20.Rab1 Nxd4 21.Bxd4 Bxd4 22.Bb5 e5
23.Nxe5 Qe7 24.Nd7 Rxd7 25.Bxd7 Qxd7 26.Rb4 Bxf2+ 27.Kxf2 Qe7 28.Rbd4 g6
29.Kg1 Bc6 30.Qc4 Rc8 31.h3 Bd7 32.Qd3 Be8 33.Rc4 Rc5 34.Qa3 Re5 35.Qxe7 Rxe7
36.Rd8 Kg7 37.Rb8 h5 38.Kf2 Re6 39.Kf3 Bc6 40.Rc8 Be8 41.Rd4 a5 42.Rb8 Bc6
43.Kf4 Be8 44.e5 f6 45.Rb7+ Kh6 46.exf6 Rxf6+ 47.Kg3 g5 48.h4 Rc6 49.Rb8 Bg6
50.hxg5+ Kxg5 51.Rbd8 Bf7 52.R8d7 Be6 53.R7d6 Rxd6 54.Rxd6 h4+ 55.Kh2 Bb3
56.Rd4 Bc2 57.Rd5+ Kg4 58.Rd6 Kg5 59.Rxb6 Bxa4 60.Ra6 Bd7 61.Rxa5+ Kg4 62.Ra7 Bf5
63.Rg7+ Kf4 64.Kg1 Be4 65.Kf2 Bd5 66.Rd7 Bc6 67.Rd6 Bb7 68.Rb6 Ba8 69.Kg1 Kg3
70.Rb3+ Kg4 71.Kh2 Bc6 72.Rd3 Kg5 73.Rd4 Bb7 74.Rc4 Ba6 75.Rc5+ Kg4 76.Rc7 Bd3
77.Rg7+ Kh5 78.Kg1 Bg6 79.Kf2 Kg5 80.Ke3 Kf5 81.Rg8 Bh5 82.Rh8 Kg4 83.Rg8+ Kf5
84.Kd4 Bd1 85.Rh8 Kg4 86.Ke5 Kg3 87.Rg8+ Bg4 88.Ke4 h3 89.gxh3 Kxh3 90.Kf4 Bd1
91.Rg3+ Kh2 92.Rd3 Bh5 93.Kg5 Be8 94.Kg4 Bc6 95.Rc3 Bd5 96.Rc2+ Kg1 97.Rd2 Bb7  1/2-1/2

[Event "Lvov"]
[Site "Lvov"]
[Date "1981.??.??"]
[Round "1"]
[White "Beliavsky, Alexander G"]
[Black "Buturin, Vladimir"]
[Result "0-1"]
[WhiteElo "2620"]
[BlackElo "2310"]

1.d4 Nf6 2.Nf3 e6 3.c4 b6 4.a3 Bb7 5.Nc3 d5 6.cxd5 Nxd5 7.e3 Be7 8.Bb5+ c6
9.Bd3 Nxc3 10.bxc3 c5 11.O-O Nc6 12.e4 cxd4 13.cxd4 O-O 14.Be3 Rc8 15.Qe2 Na5
16.a4 Nc6 17.Bb5 Nb4 18.Bd2 Nc2 19.Rad1 f5 20.exf5 Qd5 21.Bf4 Rxf5 22.Be5 Na3
23.Bd3 Rff8 24.Rc1 h6 25.h4 Bc6 26.Ba6 Rce8 27.Qd3 Rf5 28.Rc3 Ref8 29.Rfc1 Ba8
30.Rxa3 Bxa3 31.Qxa3 Qe4 32.Rc7 R5f7 33.Rxf7 Rxf7 34.Qc3 Qg4 35.Be2 Bd5 36.Bg3 Rf8
37.Qd2 Rc8 38.Ng5 Qf5 39.Bd3 Qf6  0-1

[Event "Lvov"]
[Site "Lvov"]
[Date "1981.??.??"]
[Round "6"]
[White "Flesch, Janos"]
[Black "Romanishin, Oleg M"]
[Result "0-1"]
[WhiteElo "2435"]
[BlackElo "2595"]

1.d4 Nf6 2.c4 e6 3.Nf3 b6 4.a3 Ba6 5.e3 d5 6.Nc3 Be7 7.Qa4+ c6 8.cxd5 Bxf1
9.Kxf1 exd5 10.g3 O-O 11.Kg2 Qd6 12.Qc2 Nbd7 13.e4 dxe4 14.Nxe4 Nxe4 15.Qxe4 Nf6
16.Qf5 Rfe8 17.Bf4 Qd5 18.Qxd5 Nxd5 19.Bd2 f6 20.h4 Kf7 21.Rac1 Rac8 22.Rhe1 Bf8
23.Rxe8 Kxe8 24.Re1+ Kd7 25.h5 Nc7 26.Nh4 Re8 27.Rxe8 Nxe8 28.Kf3 Ke6 29.Ke4 f5+
30.Kd3 Nf6 31.h6 gxh6 32.Bf4 Nd5 33.Bb8 a6 34.Ng2 h5 35.Bf4 Be7 36.Bd2 Bf6
37.Bh6 Kf7 38.Bd2 Kg6 39.Bf4 h4 40.gxh4 Kh5 41.Bg3 Kg4 42.Ne3+ Nxe3 43.Kxe3 b5
44.b3 h5 45.Bd6 Bxh4 46.f3+ Kh3  0-1

[Event "Lvov"]
[Site "Lvov"]
[Date "1981.??.??"]
[Round "10"]
[White "Mascarinas, Rico"]
[Black "Romanishin, Oleg M"]
[Result "0-1"]
[WhiteElo "2400"]
[BlackElo "2595"]

1.d4 Nf6 2.c4 e6 3.Nf3 b6 4.a3 Ba6 5.e3 d5 6.Nbd2 Be7 7.b4 O-O 8.Bb2 c5 9.dxc5 bxc5
10.b5 Bb7 11.Be2 Nbd7 12.O-O Bd6 13.a4 Rc8 14.Qc2 Bb8 15.Rfe1 Re8 16.Bd3 g6
17.h3 Qe7 18.e4 d4 19.e5 Nh5 20.Ba3 Nf4 21.Be4 Nxe5 22.Nxe5 Bxe5 23.Bxb7 d3
24.Qd1 Qxb7 25.Qf3 Qxf3 26.gxf3 Bxa1 27.Rxa1 Rcd8 28.Bb2 Nxh3+ 29.Kh2 Nf4
30.a5 Ne2 31.Bf6 Rd7 32.Be5 Nd4 33.Kg2 Kf8 34.a6 Ke7 35.Ne4 Nb3 36.Bf6+ Kf8
37.Rd1 d2 38.Bg5 f5 39.Nf6 Rf7 40.Rh1 h5  0-1

[Event "Malaga"]
[Site "Malaga"]
[Date "1981.??.??"]
[Round "2"]
[White "Rivas Pastor, Manuel"]
[Black "Calvo Minguez, Ricardo"]
[Result "0-1"]
[WhiteElo "2460"]
[BlackElo "2410"]

1.d4 Nf6 2.c4 e6 3.Nf3 b6 4.a3 Ba6 5.Qc2 d5 6.cxd5 exd5 7.g3 Bd6 8.Bg2 O-O
9.O-O Nbd7 10.Nc3 Re8 11.Rd1 c6 12.Nh4 g6 13.Bg5 Be7 14.Rac1 Bb7 15.b4 Ne4
16.Bxe7 Qxe7 17.e3 Ndf6 18.Nf3 Nxc3 19.Qxc3 Ne4 20.Qb3 Qf6 21.Rc2 Re7 22.Rdc1 Rae8
23.Ne5 Rxe5 24.dxe5 Qxe5 25.Qb2 Qf5 26.h4 h5 27.Rd1 g5 28.hxg5 Qxg5 29.Rd4 h4
30.gxh4 Qxh4 31.Qc1 c5 32.bxc5 bxc5 33.Rxe4 dxe4 34.Rxc5 Re6 35.Qd1 Rh6 36.Kf1 Ba6+
37.Ke1 Rg6 38.Rh5 Qf6 39.Rh2 Bd3 40.Qc1 Kg7 41.Bf1 Qe5 42.f4 exf3 43.Rf2 Be4
44.Qb2 f6 45.Qxe5 fxe5 46.Rd2 Bc6 47.Rd8 e4 48.Bc4 Rg1+ 49.Kd2 Ra1 50.Rc8 Ba4
51.Rc7+ Kf6 52.Rf7+ Kg6 53.Rf4 Bc6 54.Kc3 Rxa3+ 55.Kd4 Ra5 56.Rf8 Kg5 57.Rc8 Bd7
58.Rg8+ Kh4 59.Kxe4 Ra4 60.Kd3 Bh3 61.Rh8+ Kg3 62.Kc3 f2 63.Rf8 Ra1 64.Kb2 Re1
65.Rf7 a5 66.Ra7 Bf1 67.Bd5 Bd3 68.Rg7+ Kh4 69.Bg2 Rg1  0-1

[Event "Sokolsky mem"]
[Site "Minsk"]
[Date "1981.??.??"]
[Round "15"]
[White "Kovalev, Andrei"]
[Black "Batiuta"]
[Result "0-1"]
[WhiteElo "2200"]
[BlackElo "2200"]

1.d4 e6 2.c4 Nf6 3.Nf3 b6 4.a3 Bb7 5.Nc3 Ne4 6.Nxe4 Bxe4 7.d5 Be7 8.Qa4 Bxf3
9.gxf3 Bf6 10.Qd1 O-O 11.Qc2 d6 12.dxe6 fxe6 13.Qe4 Nd7 14.Qxe6+ Kh8 15.Rb1 Ne5
16.Qd5 c6 17.Qd1 Qe8 18.e4 Qg6 19.Bf4 Nxf3+ 20.Qxf3 Be5 21.Qg2 Qxg2 22.Bxg2 Rxf4
23.b4 Bd4 24.f3 a5 25.Ke2 axb4 26.Rhd1 c5 27.axb4 Rf7 28.bxc5 Bxc5 29.Rb2 g6
30.Rd3 Ra4 31.Rc2 Rf4 32.Rd5 Kg7 33.Rd3 Rh4 34.h3 Rf4 35.Rdd2 Rf7 36.Rd5 Kh6
37.e5 Re7 38.f4 Ra3 39.Kd1 dxe5 40.Rxe5 Rf7 41.Re4 Be3 42.Bf3 Bxf4 43.Bg4 Be3
44.Re2 Bc5 45.Kc2 Rfa7 46.Rd2 Bb4 47.Rd7 Rc3+ 48.Kd2 Raa3 49.Be6 Rcb3+ 50.Kc2 Bc3
51.c5 Rb2+ 52.Kd3 Be5+ 53.Kc4 Rc3+ 54.Kd5 Rxc5+  0-1

[Event "Moscow-4teams"]
[Site "Moscow"]
[Date "1981.??.??"]
[Round "?"]
[White "Lputian, Smbat G"]
[Black "Giorgadze, Tamaz"]
[Result "1/2-1/2"]
[WhiteElo "2465"]
[BlackElo "2530"]

1.d4 Nf6 2.c4 e6 3.Nf3 b6 4.a3 Bb7 5.Nc3 d5 6.cxd5 Nxd5 7.e3 Be7 8.Bb5+ c6
9.Bd3 O-O 10.e4 Nxc3 11.bxc3 c5 12.O-O cxd4 13.cxd4 Nc6 14.Be3 Na5 15.Qe2 Rc8
16.Rfe1 Rc3 17.a4 Nb3 18.Rad1 Qa8 19.Nd2 Rd8 20.Nxb3 Rxb3 21.Qg4 Rxd3 22.Bh6 Bf8
23.Rxd3 Bxe4 24.Qxe4 Qxe4 25.Rxe4 gxh6 26.Rg3+ Kh8 27.Rc3 Bc5 28.Rc4 Kg7
29.Kf1 Bd6 30.Rc3 h5 31.Rh3 Kg6 32.g4 hxg4 33.Rxg4+ Kf5 34.Rg7 Kf6 35.Rhxh7 Rd7
36.h4 a6 37.h5 b5 38.axb5 axb5 39.Ke2 Bf4 40.Kf3 Bd2 41.Rg6+ Kf5 42.Ke2 Bf4
43.Rg1 Kf6 44.h6 Rd8 45.Rgg7 Rf8 46.Rg4 Kf5 47.Kf3 Bg5 48.Rg7 Bxh6 49.Rg8 Rxg8
50.Rxg8 Bd2 51.Rb8 b4 52.Rb5+ Kf6 53.Ke4 Bc3 54.Rb6 Bd2 55.f4 Be1 56.Ra6 Bc3
57.Rb6 Be1 58.Ra6 Bc3  1/2-1/2

[Event "Ed.Lasker mem"]
[Site "New York"]
[Date "1981.??.??"]
[Round "9"]
[White "Burger, Karl"]
[Black "Fedorowicz, John P"]
[Result "0-1"]
[WhiteElo "2405"]
[BlackElo "2435"]

1.d4 Nf6 2.Nf3 e6 3.c4 b6 4.a3 Ba6 5.Qc2 c5 6.d5 exd5 7.cxd5 g6 8.Nc3 Bg7
9.g3 O-O 10.Bg2 d6 11.O-O Re8 12.Re1 Qc7 13.Ra2 Nbd7 14.b3 Ng4 15.Bd2 Nge5
16.Nxe5 Nxe5 17.Ne4 Bc8 18.Bc3 Bf5 19.Qb2 Bxe4 20.Bxe4 f5 21.f4 fxe4 22.fxe5 Bxe5
23.Raa1 Qg7 24.Rac1 Bxc3 25.Qxc3 Re5 26.Qc4 Qf7 27.Rf1 Qxd5 28.Rcd1 Qxc4
29.bxc4 Re6 30.Rf4 Rf8 31.Kf2 Rxf4+ 32.gxf4 Kf7 33.Ke3 Ke7 34.a4 Kd7 35.h4 Kc6
36.h5 a6 37.h6 b5 38.Rb1 b4 39.a5 d5 40.cxd5+ Kxd5 41.Rd1+ Kc6 42.Rd8 Re7
43.Rb8 Rb7 44.Rxb7 Kxb7 45.Kxe4 b3 46.Kd3 c4+ 47.Kc3 Kc6 48.e4 Kc5 49.Kb2 Kd4
50.e5 Kd5 51.Kc3 Ke6 52.Kb2 Kf5 53.Kc3 g5  0-1

[Event "Ed.Lasker mem"]
[Site "New York"]
[Date "1981.??.??"]
[Round "11"]
[White "Burger, Karl"]
[Black "Gruenfeld, Yehuda"]
[Result "0-1"]
[WhiteElo "2405"]
[BlackElo "2500"]

1.d4 Nf6 2.Nf3 e6 3.c4 b6 4.a3 c5 5.e3 g6 6.Nc3 Bg7 7.Be2 O-O 8.O-O Bb7 9.Qc2 cxd4
10.exd4 d5 11.c5 Ne4 12.b4 bxc5 13.bxc5 Qa5 14.Nxe4 dxe4 15.Ne5 Bxe5 16.dxe5 Rc8
17.Rb1 Rxc5 18.Qb2 Ba6 19.Be3 Rc8 20.Bxa6 Nxa6 21.Qd4 Nc7 22.Qxe4 Nd5 23.Rb7 Qxa3
24.Qf3 Rf8 25.h4 a5 26.h5 Qd3 27.g4 Nc3 28.Qf6 Ne4 29.Qf3  0-1

[Event "US op"]
[Site "Palo Alto"]
[Date "1981.??.??"]
[Round "6"]
[White "Shapiro, Daniel E"]
[Black "Burger, Karl"]
[Result "1-0"]
[WhiteElo "2319"]
[BlackElo "2488"]

1.d4 Nf6 2.Nf3 e6 3.c4 b6 4.a3 Bb7 5.Nc3 d5 6.cxd5 Nxd5 7.e3 Be7 8.Bb5+ c6
9.Bd3 Nxc3 10.bxc3 c5 11.e4 Nc6 12.Be3 cxd4 13.cxd4 Rc8 14.O-O O-O 15.Qe2 Na5
16.Rfd1 Rc3 17.a4 Nb3 18.Rab1 Qa8 19.Bf4 Rfc8 20.h3 Ba3 21.d5 Nc5 22.Bb5 exd5
23.exd5 Bxd5 24.Be5 Rxf3 25.gxf3 Bxf3 26.Qe3 Bxd1 27.Qg3 g6 28.Rxd1 Qe4 29.Qg5 Ne6
30.Qf6  1-0

[Event "US op"]
[Site "Palo Alto"]
[Date "1981.??.??"]
[Round "7"]
[White "Algeo, Tom"]
[Black "Tarjan, James Edward"]
[Result "1/2-1/2"]
[WhiteElo "2248"]
[BlackElo "2623"]

1.d4 Nf6 2.c4 e6 3.Nf3 b6 4.a3 d5 5.cxd5 exd5 6.Nc3 Be7 7.Bg5 Nbd7 8.e3 Bb7
9.Bd3 O-O 10.O-O c5 11.Qc2 Ne4 12.Bxe7 Qxe7 13.Nd2 f5 14.Rae1 Qf6 15.Bb5 Rfd8
16.Bxd7 Rxd7 17.Ndxe4 fxe4 18.dxc5 bxc5 19.Rd1 Rc8 20.Nxe4 Qf5 21.Qa4 Bc6
22.Qa6 Bb7 23.Qa4 Bc6  1/2-1/2

[Event "US op"]
[Site "Palo Alto"]
[Date "1981.??.??"]
[Round "9"]
[White "Silman, Jeremy D"]
[Black "Gheorghiu, Florin"]
[Result "0-1"]
[WhiteElo "2484"]
[BlackElo "2653"]

1.d4 Nf6 2.c4 e6 3.Nf3 b6 4.a3 c5 5.e3 Bb7 6.Nc3 cxd4 7.exd4 d5 8.cxd5 Nxd5
9.Bb5+ Bc6 10.Bd3 Nd7 11.O-O Be7 12.Bd2 O-O 13.Rc1 Nxc3 14.Rxc3 Bb7 15.Bf4 Nf6
16.Be5 Rc8 17.Rxc8 Qxc8 18.Qb1 g6 19.Qc1 Qxc1 20.Rxc1 Nd5 21.Be4 f6 22.Bg3 Rc8
23.Rxc8+ Bxc8 24.Bb8 a6 25.Bxd5 exd5 26.Bc7 b5 27.b4 Bf5 28.Ne1 Kf7 29.Kf1 h5
30.Ke2 Ke6 31.Bf4 g5 32.Bc1 Bd6 33.h3 g4 34.h4 g3 35.f3 Bb1 36.Nd3 Kf5 37.Nc5 Ba2
38.Nxa6 Bc4+ 39.Ke1 Bf4 40.Bxf4 Kxf4 41.Nc5 Ke3 42.a4 bxa4 43.Nxa4 Kxd4 44.Nc5 Kc3  0-1

[Event "Porz"]
[Site "Porz"]
[Date "1981.??.??"]
[Round "?"]
[White "Ostermeyer, Peter"]
[Black "Hort, Vlastimil"]
[Result "1/2-1/2"]
[WhiteElo "2415"]
[BlackElo "2595"]

1.Nf3 Nf6 2.d4 e6 3.c4 b6 4.a3 Ba6 5.e3 Be7 6.Bd3 d5 7.Nbd2 O-O 8.O-O Nbd7
9.Qe2 c5 10.b3 Bb7 11.Bb2 Rc8 12.Rfd1 Re8 13.Rac1 Rc7 14.h3 Qa8 15.cxd5 exd5
16.Ne5 Bd6 17.Nxd7 Nxd7 18.dxc5 bxc5 19.Qh5 g6 20.Qh6 Be5 21.Bxe5 Nxe5 22.Bf1 Qc8
23.Qf4 Ree7 24.b4 cxb4 25.Rxc7 Qxc7 26.Qxb4  1/2-1/2

[Event "Riga"]
[Site "Riga"]
[Date "1981.??.??"]
[Round "1"]
[White "Petrosian, Arshak B"]
[Black "Ambroz, Jan"]
[Result "1-0"]
[WhiteElo "2495"]
[BlackElo "2485"]

1.d4 Nf6 2.c4 e6 3.Nf3 b6 4.a3 c5 5.d5 Ba6 6.Qc2 exd5 7.cxd5 g6 8.Nc3 Bg7
9.g3 d6 10.Bg2 O-O 11.O-O Re8 12.Re1 b5 13.e4 Nbd7 14.Bf4 Qb8 15.Bf1 Qb6
16.a4 b4 17.Nb5 Bf8 18.Nd2 Qb8 19.Nc4 Ne5 20.Bxe5 dxe5 21.Red1 Rd8 22.Na5 Bb7
23.Nc6 Bxc6 24.dxc6 Ne8 25.Rd7 a6 26.Rad1 Rxd7 27.cxd7 axb5 28.d8=Q Qxd8
29.Rxd8 Rxd8 30.Bxb5 Nd6 31.Bc6 Rc8 32.Bd5 c4 33.a5 c3 34.a6 Rc7 35.bxc3 bxc3
36.a7 Rxa7 37.Qxc3 Re7 38.Kg2 Kg7 39.f4 f6 40.Qa5 Rd7 41.Qa1 Re7 42.Qa5 Rd7
43.fxe5 fxe5  1-0

[Event "Riga"]
[Site "Riga"]
[Date "1981.??.??"]
[Round "10"]
[White "Ivkov, Borislav"]
[Black "Kengis, Edvins"]
[Result "1/2-1/2"]
[WhiteElo "2510"]
[BlackElo "2360"]

1.d4 Nf6 2.c4 e6 3.Nf3 b6 4.a3 Bb7 5.Nc3 d5 6.cxd5 exd5 7.g3 Be7 8.Bg2 O-O
9.O-O c5 10.Bf4 Na6 11.dxc5 bxc5 12.Ne5 Nc7 13.Nc4 Rb8 14.Bxc7 Qxc7 15.Nxd5  1/2-1/2

[Event "Riga"]
[Site "Riga"]
[Date "1981.??.??"]
[Round "14"]
[White "Petrosian, Arshak B"]
[Black "Kengis, Edvins"]
[Result "1/2-1/2"]
[WhiteElo "2495"]
[BlackElo "2360"]

1.d4 Nf6 2.c4 e6 3.Nf3 b6 4.a3 Bb7 5.Nc3 d5 6.cxd5 exd5 7.g3 Be7 8.Bg2 O-O
9.O-O c5 10.Bf4 Na6 11.Qc2 Nc7 12.Rad1 Qc8 13.Qb1  1/2-1/2

[Event "Rome"]
[Site "Rome"]
[Date "1981.??.??"]
[Round "?"]
[White "Tatai, Stefano"]
[Black "Csom, Istvan"]
[Result "0-1"]
[WhiteElo "2495"]
[BlackElo "2500"]

1.d4 Nf6 2.c4 e6 3.Nf3 b6 4.a3 c5 5.e3 Bb7 6.b3 Be7 7.Bb2 O-O 8.Bd3 d6 9.O-O Nbd7
10.Nbd2 Re8 11.Qc2 cxd4 12.exd4 Rc8 13.Rac1 Bf8 14.Qb1 g6 15.Rfe1 Bg7 16.Qa1 Qc7
17.b4 Qb8 18.a4 a5 19.bxa5 bxa5 20.Bc3 Qa8 21.Rb1 Bc6 22.Qa3 d5 23.c5 Ne4
24.Bb5 Ndxc5 25.Ba1 Nxd2 26.Nxd2 Na6 27.Nb3 Bf8 28.Nc5 Nb4 29.Qb3 Rb8 30.Nd7 Bxd7
31.Bxd7 Re7 32.Bb5 Rc7 33.Bc3 Rbc8 34.Rbc1 Bh6  0-1

[Event "Santiago"]
[Site "Santiago"]
[Date "1981.??.??"]
[Round "1"]
[White "Browne, Walter S"]
[Black "Frias, Victor J"]
[Result "1-0"]
[WhiteElo "2570"]
[BlackElo "2430"]

1.d4 Nf6 2.Nf3 e6 3.c4 b6 4.a3 d5 5.cxd5 exd5 6.Nc3 Be7 7.Bf4 O-O 8.e3 Bb7
9.Bd3 Nbd7 10.O-O c5 11.Ne5 Nxe5 12.dxe5 Ne4 13.Qc2 Nxc3 14.bxc3 g6 15.Bh6 Re8
16.Bb5 Bf8 17.Bxe8 Bxh6 18.Bb5 d4 19.f4 dxe3 20.Rad1 Qh4 21.g3 Qh3 22.Qe2 Bf8
23.Bd7 Qg2+ 24.Qxg2 Bxg2 25.Rfe1 Bf3 26.Rd3 c4 27.Rdxe3 Bc5 28.e6 fxe6 29.Kf1 Bxe3
30.Bxe6+ Kf8 31.Rxe3 Bb7 32.Bxc4 Rd8 33.Ke2 Rc8 34.Kd3 Rc5 35.Re5 Rc7 36.Bb3 Rd7+
37.Ke3 Rc7 38.Kd4 Rd7+ 39.Ke3 Rc7 40.Kd3 Rd7+ 41.Kc2 Bf3 42.Bc4 Bd1+ 43.Kc1 Bg4
44.Bd5 Rc7 45.Kd2 Bf5 46.c4 Rc5 47.Kc3 Ra5 48.Kb4 Rc5 49.Bf3 Rc8 50.Kc3 Kf7
51.Kd4 Rd8+ 52.Rd5 Rc8 53.Re5 Rd8+ 54.Bd5+ Kf6 55.a4 h6 56.a5 bxa5 57.c5 a4
58.Kc3 a3 59.Kb4 a2 60.Bxa2 a5+ 61.Ka4 Rd2 62.Bb3 Rb2 63.c6 Bc2 64.Bxc2 Rxc2
65.Kb5 a4 66.Re3 Rxh2 67.Rc3 a3 68.c7 Rb2+ 69.Kc6 a2 70.c8=Q  1-0

[Event "Sarajevo"]
[Site "Sarajevo"]
[Date "1981.??.??"]
[Round "5"]
[White "Drasko, Milan"]
[Black "Langeweg, Kick"]
[Result "0-1"]
[WhiteElo "2240"]
[BlackElo "2455"]

1.d4 Nf6 2.c4 e6 3.Nf3 b6 4.a3 c5 5.d5 Ba6 6.Qc2 exd5 7.cxd5 g6 8.Nc3 Bg7
9.g3 d6 10.Bg2 O-O 11.O-O b5 12.Re1 Nbd7 13.e4 Qb6 14.Bf1 Ng4 15.Bf4 Rac8
16.a4 b4 17.Nb5 Nge5 18.Nxe5 Nxe5 19.Bxe5 Bxe5 20.Bc4 Qb8 21.Qe2 Bxb5 22.axb5 Rce8
23.Kg2 f5 24.Qd2 f4 25.f3 h5 26.Rf1 Re7 27.Kh1 Qd8 28.Qg2 Rg7 29.g4 Qg5 30.Ra2 hxg4
31.fxg4 f3 32.Rxf3 Rxf3 33.Qxf3 Rf7 34.Qe2 Qc1+ 35.Kg2 Bd4 36.b3 Qg1+ 37.Kh3 Rh7+  0-1